二桁本塁打経験のある現役選手(2026) - Statistics

General Stats
  • This quiz has been taken 103 times
    38 since last reset
  • The average score is 60 of 78
Answer Stats
現所属 達成年 Answer % Correct
阪神 2018~25年 大山悠輔
97%
阪神 2021~25年 佐藤輝明
97%
巨人 2009~21,23年 坂本勇人
97%
オリックス 2015,16,18,19,21,23年 森友哉
97%
阪神 2021年 近本光司
93%
阪神 2023~25年 森下翔太
93%
DeNA 2012,14~19,25年 筒香嘉智
93%
DeNA 2021~25年 牧秀悟
93%
巨人 2013~24年 丸佳浩
93%
巨人 2025年 キャベッジ
93%
ソフトバンク 2013~18,20~23年 柳田悠岐
93%
ソフトバンク 2018年 中村晃
93%
日本ハム 2022~25年 万波中正
93%
西武 2005,08~12,14~19,21~23年 中村剛也
93%
西武 2005,08,09,13,15,20 栗山巧
93%
ロッテ 2019,22,23年 中村奨吾
93%
DeNA 2020~23,25年 佐野恵太
90%
中日 2023~25年 細川成也
90%
ヤクルト 2014~25年 山田哲人
90%
ヤクルト 2021~24年 サンタナ
90%
ヤクルト 2021~25年 オスナ
90%
ソフトバンク 2016~22,24,25年 山川穂高
90%
日本ハム 2018年 西川遥輝
90%
日本ハム 2022~25年 清宮幸太郎
90%
オリックス 2019,21,22年 西川龍馬
90%
オリックス 2021~25年 杉本裕太郎
90%
西武 2025年 西川愛也
90%
ロッテ 2018~25年 ソト
90%
巨人 2021~23年 大城卓三
86%
広島 2013,14,16~21年 菊池涼介
86%
日本ハム 2024,25年 レイエス
86%
楽天 2013~24年 浅村栄斗
86%
ロッテ 2022~24年 ポランコ
86%
DeNA 2016~24年 宮﨑敏郎
83%
広島 2013,15~19年 秋山翔吾
83%
ソフトバンク 2021,23~25年 近藤健介
83%
ソフトバンク 2022,25年 野村勇
83%
日本ハム 2023年 野村佑希
83%
西武 2017~19,22,23年 外崎修汰
83%
西武 2025年 ネビン
83%
ロッテ 2025年 山本大斗
83%
巨人 2019~21,23年 甲斐拓也
79%
ヤクルト 2021,22年 塩見泰隆
79%
ソフトバンク 2020,21,23,24年 栗原陵矢
79%
楽天 2021,22年 辰己涼介
79%
DeNA 2016~22年 ビシエド
76%
中日 2017,18,25年 上林誠知
76%
中日 2020年 阿部寿樹
76%
広島 2025年 ファビアン
76%
日本ハム 2024,25年 郡司裕也
76%
オリックス 2021年 紅林弘太郎
76%
広島 2012,20,23年 堂林翔太
72%
広島 2021~24年 坂倉将吾
72%
ソフトバンク 2016~19年 今宮健太
72%
西武 2025年 渡部聖弥
72%
ロッテ 2022,23年 山口航輝
72%
広島 2014,18,19年 會澤翼
69%
オリックス 2025年 太田椋
69%
楽天 2023年 小郷裕哉
69%
巨人 2025年 リチャード
66%
中日 2018年 高橋周平
66%
中日 2025年 ボスラー
66%
オリックス 2022,23,25年 頓宮裕真
66%
楽天 2025年 ボイト
62%
西武 2016,17,21年 桑原将志
62%
中日 2021年 木下拓哉
59%
中日 2023年 石川昂弥
59%
広島 2023,25年 末包昇大
59%
日本ハム 2025年 水谷瞬
59%
楽天 2017,19,21年 鈴木大地
59%
ヤクルト 2017,19,21年 茂木栄五郎
55%
日本ハム 2023,24年 マルティネス
55%
オリックス 2023,25年 中川圭太
55%
楽天 2018年 田中和基
52%
広島 2021年 林晃汰
45%
オリックス 2019年 廣岡大志
34%
ソフトバンク 2023年 秋広優人
28%
日本ハム 2022年 今川優馬
28%
No matching quizzes found
Score Distribution
Percent of People with Each Score
Percentile by Number Answered
Your Score History
You have not taken this quiz since the last reset